logo

Bir Sreshtho Munshi Abdur Rouf Library
Jhenaidah Cadet College

Fundamentals of loT Communication Technologies / (Record no. 14288)

MARC details
000 -LEADER
fixed length control field 02532cam a2200277 a 4500
001 - CONTROL NUMBER
JCCL Control Number 14288
003 - CONTROL NUMBER IDENTIFIER
JCCL marc code BD-JhCC
005 - DATE AND TIME OF LATEST TRANSACTION
control field 20250227120615.0
008 - FIXED-LENGTH DATA ELEMENTS--GENERAL INFORMATION
fixed length control field 180424s2010 u a a 001 0 eng
020 ## - INTERNATIONAL STANDARD BOOK NUMBER
International Standard Book Number 9783030700805
035 ## - SYSTEM CONTROL NUMBER
system control number (BD-JhCC)14288
040 ## - CATALOGING SOURCE
Original cataloging agency DLC
Transcribing agency DLC
Modifying agency DLC
-- BD-JhCC
041 ## - LANGUAGE CODE
Language code of Book eng
050 00 - LIBRARY OF CONGRESS CALL NUMBER
Classification number TK5105
Item number .F6617 2010
082 00 - DEWEY DECIMAL CLASSIFICATION NUMBER
Classification number 004.6
DDC Edition number 23
Author mark and Year HER 2022
100 1# - MAIN ENTRY--PERSONAL NAME
Personal name Herrero, Rolando
245 10 - TITLE STATEMENT
Title Fundamentals of loT Communication Technologies /
Statement of responsibility, etc Rolando Herrero
250 ## - EDITION STATEMENT
Edition statement 4th ed.
260 ## - PUBLICATION, DISTRIBUTION, ETC. (IMPRINT)
Place of publication, distribution, etc New Delhi :
Name of publisher, distributor, etc McGraw-Hill,
Date of publication, distribution, etc 2010.
300 ## - PHYSICAL DESCRIPTION
Pagination 249 p. :
Other physical details ill. ;
Dimensions 24 cm.
520 ## - SUMMARY, ETC.
Summary, etc Data communications and networking (sie) by behrouz forouzan is a comprehensive reference book for students pursuing their courses on networking. With detailed accounts on the data transmission protocols and networking, the book is a useful for various the engineering courses in communication, computer science, and it. Further, the book also finds usage as a preparatory material for the various other technology related courses too.this book starts with a detailed account on network models, thus providing the user with an ideal introduction on data transmission. The protocols and standards, as well as the physical structures of the networks are also discussed extensively here. The data communications and networking (sie) follows a descriptive pattern, thus engaging users of all kind.a number of diagrams and tabular representations are also included in the book, thus making it more useful for the reader. The much discussed osi model is also explained extensively with special emphasis on its layered architecture. Further, there are also chapters on bandwidth utilisation with multiplexing and spreading.to aid the electronic and communication students, the author has specifically included sections on switching, that emphasise on virtual circuit networks as well as circuit-switched networks. Also covered are topics such as wired lans, wireless lans, connecting lans, virtual lans, and multiple access.sections on congestion control, traffic management, and the methods to improve the quality of service can help to provide the reader a practical approach. Published in 2006 by McGraw-hill education, the fourth edition of this book comes in paperback. Key features: the contents are so arranged to ensure that it fulfills both the academic and research needs of the students.
650 #0 - SUBJECT ADDED ENTRY--TOPICAL TERM
Topical term or geographic name as entry element Data transmission systems.
650 #0 - SUBJECT ADDED ENTRY--TOPICAL TERM
Topical term or geographic name as entry element Computer networks.
942 ## - ADDED ENTRY ELEMENTS (KOHA)
Source of classification or shelving scheme Dewey Decimal Classification
Koha item type Books
Holdings
Source of classification or shelving scheme Damaged status Not for loan Home library Current library Date of accession Cost, normal purchase price Total Checkouts Full call number Barcode Date last seen Copy number Method of acquisition Koha item type Currency Shelving location
Dewey Decimal Classification     JCC Rouf Library JCC Rouf Library   450.00   004.6 HER 2022 20039 02/27/2025 C-1 Purchase Books BDT  
Dewey Decimal Classification     JCC Rouf Library JCC Rouf Library   450.00   004.6 HER 2022 20038 02/27/2025 C-1 Purchase Books BDT General Stacks

JCC Library | Contacts | JCC Home

Last Update on 23 September 2017
Copyright @ 2017-2020 JCC Rouf Library
Rouf Library, Jhenidah Cadet College (JCC), Bangladesh